[Event "Arab-ch (Women)"]
[Site "Khartoum"]
[Date "2023.02.27"]
[Round "3"]
[White "Abdel Hamid, Sabreen"]
[Black "Mohamed Ahmed, Naiwa"]
[Result "1/2-1/2"]
[WhiteElo "1707"]
[BlackElo "1402"]
[PlyCount "96"]
[EventDate "2023.02.26"]
[EventType "swiss"]
[EventRounds "9"]
[EventCountry "SUD"]
[SourceTitle "CBM 213 Extra"]
[Source "ChessBase"]
[SourceDate "2023.05.31"]
[SourceVersion "1"]
[SourceVersionDate "2023.05.31"]
[SourceQuality "1"]

1. c4 d6 2. g3 g6 3. Bg2 Bg7 4. Nf3 e5 5. Nc3 Nf6 6. 0-0 0-0 7. Re1 Bg4 8. h3 Be6 9. b3 c6 10. d4 e4 11. Nd2 d5 12. e3 Qd7 13. Kh2 h5 14. Ba3 Re8 15. Rc1 Nh7 16. Ne2 Ng5 17. Nf4 Bf5 18. Qc2 Nf3+ 19. Bxf3 exf3 20. Qd1 g5 21. Nxh5 Bxh3 22. Nxg7 Kxg7 23. Qxf3 Bg4 24. Qg2 Rh8+ 25. Kg1 Rh6 26. Nf3 f6 27. Nh2 Na6 28. Nxg4 Qxg4 29. cxd5 Rah8 30. f3 Qd7 31. g4 Rh1+ 32. Qxh1 Rxh1+ 33. Kxh1 Qxd5 34. Kg2 Nc7 35. Rc5 Qd8 36. Bb2 Ne6 37. Rf5 Qb6 38. d5 Nc5 39. Bxf6+ Kg6 40. d6 Nd7 41. Bxg5 Qb4 42. Rh1 Qd2+ 43. Kg3 Qxd6+ 44. Bf4 Qd2 45. Rh6+ Kg7 46. Rg5+ Kf7 47. Rh7+ Kf6 48. Rh6+ Kf7 1/2-1/2